História geral: Antiguidade
Saved in:
| Main Author: | |
|---|---|
| Format: | Unknown |
| Language: | Portuguese |
| Published: |
Brasil
Ministério da Educação e Cultura - Instituto Nacional de Estudos Pedagógicos
1956
|
| Textbook Catalogue: | MANES: Library Catalog Search Result |
| Textbook Classification: |
|
| Series: | Guías de Ensino e Livros de Texto. Serie I
|
| Tags: |
Add Tag
No Tags, Be the first to tag this record!
|
| Added to: | 2016-04-26 |
| Changed in: | 2025-02-12 |
MARC
| LEADER | 000000000a22000000004500 | ||
|---|---|---|---|
| 001 | 13065 | ||
| 003 | OSt | ||
| 005 | 20250212173835.0 | ||
| 008 | 160427s sp ||||| |||| 00| 0 por d | ||
| 040 | |c centro_manes | ||
| 041 | 1 | |a prt | |
| 100 | 1 | |a Delgado de Carvalho. Autor |9 8150 | |
| 245 | 0 | 0 | |a História geral: Antiguidade |
| 260 | 3 | |a Brasil |b Ministério da Educação e Cultura - Instituto Nacional de Estudos Pedagógicos |c 1956 | |
| 300 | |a 253 p. |c 21 x 14 cm | ||
| 440 | |a Guías de Ensino e Livros de Texto. Serie I |9 8154 | ||
| 500 | |a Contenido: Preámbulo. História - Suas divisoes clássicas. Objetivos da Unidade I. Os grandes impérios da antiguidade. Objetivos da Unidade II. Antiguidade clássica: Grecia. Objetivos da unidade III. Antiguidade clássica: Roma. Todas las unidades tienen: "Notas, cronología, biografías, leituras e textos, sugestoes didáticas". El libro tiene además: mapas. Desde la editorial el libro está signado como "exemplar No. 4112". Es de pasta dura a cuatro colores. | ||
| 546 | |a Brasil | ||
| 690 | 0 | |a HI | |
| 691 | 0 | |a SE | |
| 942 | |2 ddc |c BK | ||
| 999 | |c 19039 |d 19039 | ||
| 999 | |c manes:19039 |d 19039 | ||